| 000 | 00484nam a2200181Ia 4500 | ||
|---|---|---|---|
| 003 | GCL | ||
| 008 | 140319s9999 xx 000 0 eng d | ||
| 040 |
_aGCL / _cGCL |
||
| 082 | 0 | 4 |
_a780.94 _bS D |
| 100 | 1 | _aSTOLBA, KARIE | |
| 245 | 1 | 0 |
_aTHE DEVELOPMENT OF WESTERN MUSIC A HISTORY / _cSTOLBA, KARIE |
| 260 |
_a[S.N] : _bWCB BROWN & BENCHANARK ، _c1994 |
||
| 300 | _a733 P P | ||
| 650 | 0 | 4 | _aHISTORY AND CRITICISM |
| 650 | 0 | 4 | _aMUSIC |
| 650 | 0 | 4 | _aWESTERN MUSIC |
| 942 |
_2ddc _cBK |
||
| 999 |
_c11953 _d11953 |
||